Star in the Answers - Statistics

General Stats
  • This quiz has been taken 68,831 times
    40,961 since last reset
  • The average score is 13 of 20
Answer Stats
Clue Answer % Correct
Global coffee chain Starbucks
98%
Words that come after Twinkle Twinkle Little star
91%
Movie series with Wookiees Star Wars
91%
Drummer for the Beatles Ringo Starr
87%
TV show with Klingons Star Trek
85%
It's on the flag of Israel Star of David
84%
Marine creature often with five arms Starfish
83%
The right side of a ship Starboard
79%
The world's best restaurants have three of these Michelin stars
77%
Texas is the known as the ____ ____ State Lone Star
76%
Meteor Shooting star
76%
What video killed The radio star
73%
Romeo and Juliet were this kind of lovers Star-crossed
71%
Another name for Polaris The North Star
67%
Ninja weapon also known as a shuriken Throwing star
51%
Star-shaped spice with a licorice taste Star anise
47%
Extremely dense collapsed star made of subatomic particles Neutron star
28%
Blue gem that reflects light in the shape of a star Star sapphire
28%
Another name for Sirius The Dog Star
26%
Two stars that revolve around each other Binary star
18%
No matching quizzes found
Score Distribution
Percent of People with Each Score
Percentile by Number Answered
Your Score History
You have not taken this quiz since the last reset